MARC

LEADER 00000nam0a2200000 4500
001 300355
005 20231102001307.0
010 |b 2550 экз. 
035 |a (RuTPU)RU\TPU\book\325508 
090 |a 300355 
100 |a 20150709d1951 m y0rusy50 ca 
101 0 |a rus 
102 |a RU 
105 |a a z 001zy 
200 1 |a Руководящие указания по ремонту и эксплуатации оборудования ремонтно-механических цехов электростанций  |f М. И. Имбрицкий  |g Всесоюзный государственный трест по организации и рационализации районных электрических станций и сетей (ОРГРЭС) ; ред. Г. Д. Штейнбок 
210 |a Москва  |a Ленинград  |c Государственное энергетическое изд-во  |d 1951 
215 |a 171 с.  |c ил. 
300 |a Авт. указан на обороте тит. 
316 |5 63413507: М-133731  |a На титульном листе владельческая подпись: "Бутаков" 
317 |5 63413507: М-133731  |a Поступила в НТБ в 1970 г. в составе книжного собрания профессора ТПИ И. Н. Бутакова 
320 |a Приложения: с. 128-169 
320 |a Список основной литературы, использованной при составлении руководящих указаний: с. 170-171 
606 1 |a Электрические станции  |x Оборудование  |2 stltpush  |3 (RuTPU)RU\TPU\subj\27622  |9 51347 
610 1 |a электростанции 
610 1 |a цеха 
610 1 |a планово-предупредительный ремонт 
610 1 |a эксплуатация 
610 1 |a владельческая надпись 
610 1 |a библиотека И. Н. Бутакова 
675 |a 621.311.2.002.5  |v 4 
700 1 |a Имбрицкий  |b М. И. 
702 1 |a Штейнбок  |b Г. Д.  |4 340 
712 0 2 |a Всесоюзный государственный трест по организации и рационализации районных электрических станций и сетей (ОРГРЭС)  |c (Москва)  |c (1939-1977)  |2 stltpush  |3 (RuTPU)RU\TPU\col\8705 
801 1 |a RU  |b 63413507  |c 20150709 
801 2 |a RU  |b 63413507  |c 20190924  |g RCR 
942 |c BK